| 000 | 03503cam a2200289 4500500 | ||
|---|---|---|---|
| 005 | 20251228065447.0 | ||
| 041 | _afre | ||
| 042 | _adc | ||
| 100 | 1 | 0 |
_aNekka, Hadj _eauthor |
| 700 | 1 | 0 |
_aChit, Soukaina _eauthor |
| 245 | 0 | 0 | _aL’espace de coworking comme dispositif au service de l’entrepreneur : quels avantages par rapport à l’accompagnement traditionnel ? |
| 260 | _c2024. | ||
| 500 | _a53 | ||
| 520 | _aAu cours de la dernière décennie, les espaces de coworking se sont répandus et multipliés dans le monde entier. Dans cet article, notre objectif est de mettre en évidence leur capacité d’accompagnement des projets entrepreneuriaux en complément des dispositifs d’accompagnement traditionnel. Nous avons développé une revue de la littérature pour cerner leur potentiel en termes d’accompagnement entrepreneurial et nous avons choisi deux espaces de coworking différents pour explorer empiriquement un tel potentiel. Cette analyse a corroboré l’idée selon laquelle les espaces de coworking peuvent être des facilitateurs et des contributeurs à la réussite des projets entrepreneuriaux. Cette recherche d’étape indique que l’accompagnement est complémentaire aux dispositifs traditionnels et que certains types d’espaces de coworking peuvent être plus efficace que d’autres pour accompagner les entrepreneurs. | ||
| 520 | _aOver the past decade, coworking spaces have spread and multiplied all over the world. In this article, our objective is to highlight their ability to support entrepreneurial projects in addition to traditional support systems. We have developed a review of the literature to identify their potential in terms of entrepreneurial support and we have chosen two different coworking spaces to empirically explore such potential. This analysis corroborated the idea that coworking spaces can be facilitators and contributors to the success of entrepreneurial projects. If this stage research indicates that support is complementary to traditional support systems and that certain types of coworking spaces may be more effective than others in supporting entrepreneurs. | ||
| 520 | _aEn la última década, los espacios de coworking se han extendido y multiplicado por todo el mundo. En este artículo, nuestro objetivo es destacar su capacidad para apoyar proyectos empresariales como complemento de los sistemas de apoyo tradicionales. Desarrollamos una revisión bibliográfica para identificar su potencial en términos de apoyo empresarial y elegimos dos espacios de coworking diferentes para explorar empíricamente dicho potencial. Este análisis respaldó la idea de que los espacios de coworking pueden ser facilitadores y contribuir al éxito de los proyectos empresariales. Este paso de la investigación indica que el coaching es complementario a los dispositivos tradicionales y que algunos tipos de espacios de coworking pueden ser más eficaces que otros en el coaching de emprendedores. | ||
| 690 | _aaccompagnement entrepreneurial | ||
| 690 | _aaccompagnement par le réseau | ||
| 690 | _aaccompagnement technique | ||
| 690 | _aespace de coworking | ||
| 690 | _acoworking space | ||
| 690 | _aentrepreneurial support | ||
| 690 | _anetwork support | ||
| 690 | _atechnical support | ||
| 786 | 0 | _nLa Revue des Sciences de Gestion | 325-326 | 1-2 | 2024-05-06 | p. 51-66 | 1160-7742 | |
| 856 | 4 | 1 | _uhttps://shs.cairn.info/revue-des-sciences-de-gestion-2023-6-page-51?lang=fr&redirect-ssocas=7080 |
| 999 |
_c1591526 _d1591526 |
||